Illinois Cities Quiz - Statistics

General Stats
  • This quiz has been taken 42 times
  • The average score is 8 of 13
Answer Stats
Hint Answer % Correct
Largest city Chicago
100%
Capital Springfield
100%
Nicknamed "City of Lights" (starts with A) Aurora
77%
Home to the University of Illinois Champaign
77%
Fifth largest city, just outside of the largest city Naperville
67%
Nicknamed the "Forest City" (starts with R) Rockford
63%
Famous for being the first home of Abe Lincoln Decatur
60%
Major port city on the Illinois River Peoria
60%
City that shares a name with a French city Paris
50%
Became a thriving industry city in the middle of the 19th century, most popular industry was malt liquors (starts with W) Waukegan
43%
Home to the State Farm world headquarters Bloomington
37%
City known for having a major railroad intersection in the east/central part of Illinois (starts with D) Danville
27%
This city is a retail hub, being home of the South Park Mall and numerous other shopping centers, located in west Illinois Moline
27%
No matching quizzes found
Score Distribution
Percent of People with Each Score
Percentile by Number Answered
Your Score History
You have not taken this quiz